000 00629nam a2200181 a 4500
003 0
005 20250515140237.0
008 030519s19uu xx 00 eng d
050 _aPHS HV 6715
_b.S56 2003
100 _aShort, Ralph Macapili.
245 _aProfile of casino players in selected PAGCOR casinos /
_cRalph Macapili Short.
260 _aLas PiƱas City, Philippines :
_bSouthville International School and Colleges,
_c2003.
300 _a24 pages :
_billustrations ;
_c28.
504 _aIncludes bibliographical references.
650 _aCasinos
_xPhilippines.
650 _aGambling
_xPhilippines.
942 _2lcc
_cPASS
999 _c96816
_d96816